[Event "V Open A"]
[Site "Montebelluna ITA"]
[Date "2007.03.11"]
[Round "4"]
[White "Boscolo, Marco"]
[Black "Fontana, Enrico"]
[Result "1/2-1/2"]
[WhiteElo "2033"]
[BlackElo "2122"]
[PlyCount "68"]
[EventDate "2007.03.09"]

1. d4 d5 2. c4 c6 3. Nc3 Nf6 4. e3 e6 5. Nf3 Nbd7 6. Qc2 Bd6 7. Bd3 O-O 8. O-O
dxc4 9. Bxc4 e5 10. Bd3 Qe7 11. Ne4 Nxe4 12. Bxe4 g6 13. dxe5 Nxe5 14. Nxe5
Qxe5 15. f4 Qc5 16. Bd2 Qxc2 17. Bxc2 Bc5 18. Rfe1 Re8 19. Kf1 b6 20. b4 Bf8
21. Bc3 Be6 22. Kf2 Rad8 23. Red1 Bg4 24. Rxd8 Rxd8 25. h3 Be6 26. e4 c5 27. b5
Bc4 28. a4 Bg7 29. Bxg7 Kxg7 30. Ke3 Kf6 31. h4 h6 32. g3 Ke6 33. Rc1 Rd4 34.
g4 Ke7 1/2-1/2

[Event "V Open A"]
[Site "Montebelluna ITA"]
[Date "2007.03.11"]
[Round "4"]
[White "Brun, Dario"]
[Black "Boullu, Thomas"]
[Result "1-0"]
[WhiteElo "2128"]
[BlackElo "1958"]
[PlyCount "47"]
[EventDate "2007.03.09"]

1. d4 Nf6 2. c4 c5 3. d5 b5 4. cxb5 a6 5. Nc3 axb5 6. e4 b4 7. Nb5 d6 8. Bf4 g5
9. Be3 Nxe4 10. Bd3 Nf6 11. Bxg5 Bg7 12. Ne2 Nbd7 13. Ng3 Ne5 14. Be2 O-O 15.
Qd2 Re8 16. a4 bxa3 17. Rxa3 Rxa3 18. bxa3 e6 19. Nh5 exd5 20. Nc7 Qxc7 21.
Bxf6 Bxf6 22. Nxf6+ Kf8 23. Qh6+ Ke7 24. Nxd5+ 1-0

[Event "V Open A"]
[Site "Montebelluna ITA"]
[Date "2007.03.11"]
[Round "4"]
[White "Chiarion, Elisa"]
[Black "Dussin, Davide"]
[Result "1/2-1/2"]
[WhiteElo "1712"]
[BlackElo "2011"]
[PlyCount "49"]
[EventDate "2007.03.09"]

1. e4 c6 2. d4 d5 3. e5 Bf5 4. Nc3 Qb6 5. Be2 e6 6. g4 Bg6 7. Nh3 h6 8. Nf4 Bh7
9. h4 Nd7 10. Bd3 Bxd3 11. Qxd3 Bb4 12. Bd2 Ne7 13. Nfe2 c5 14. f4 cxd4 15.
Nxd4 Nc5 16. Qb5+ Nc6 17. Qxb6 axb6 18. Ndb5 Kd7 19. Be3 Bxc3+ 20. Nxc3 Ke7 21.
Bxc5+ bxc5 22. Kd2 Ra5 23. Rae1 Nd4 24. Rhf1 h5 25. g5 1/2-1/2

[Event "V Open A"]
[Site "Montebelluna ITA"]
[Date "2007.03.11"]
[Round "4"]
[White "Chiesa, Roberto"]
[Black "De Filomeno, Simone"]
[Result "0-1"]
[WhiteElo "1656"]
[BlackElo "1969"]
[PlyCount "106"]
[EventDate "2007.03.09"]

1. d4 Nf6 2. Nf3 g6 3. Bf4 Bg7 4. e3 O-O 5. Be2 d6 6. O-O Nbd7 7. Nbd2 Re8 8.
h3 b6 9. c3 Bb7 10. Bc4 e5 11. dxe5 dxe5 12. Bh2 Qe7 13. a4 a6 14. Qe2 Ne4 15.
Nxe4 Bxe4 16. Nd2 Bb7 17. e4 Kh8 18. Bd3 Rf8 19. Rae1 Nc5 20. Bc2 Bc6 21. Ra1
Qd7 22. Nc4 Qe8 23. a5 b5 24. Nd2 Rd8 25. Qe3 Qe7 26. b4 Ne6 27. Nf3 f6 28.
Rad1 Bb7 29. Rxd8 Rxd8 30. Rd1 Rxd1+ 31. Bxd1 c5 32. Bc2 Bf8 33. bxc5 Qxc5 34.
Qxc5 Nxc5 35. Nd2 Bh6 36. Nb3 Nxb3 37. Bxb3 Bxe4 38. c4 Bd3 39. cxb5 Bxb5 40.
f4 Bxf4 41. Bxf4 exf4 42. Kf2 Kg7 43. Kf3 g5 44. Bd5 f5 45. h4 h6 46. g3 fxg3
47. Kxg3 Kf6 48. hxg5+ hxg5 49. Bb7 Ke5 50. Bc8 Bd3 51. Kf3 Kd4 52. Bb7 Be4+
53. Bxe4 fxe4+ 0-1

[Event "V Open A"]
[Site "Montebelluna ITA"]
[Date "2007.03.11"]
[Round "4"]
[White "Cocuzzi, Edoardo"]
[Black "Marson, Antonio"]
[Result "1-0"]
[WhiteElo "1820"]
[BlackElo "1852"]
[PlyCount "81"]
[EventDate "2007.03.09"]

1. e4 c6 2. d4 d5 3. exd5 cxd5 4. Bd3 Nc6 5. c3 Nf6 6. h3 e6 7. Nf3 Be7 8. Bf4
Bd6 9. Bxd6 Qxd6 10. O-O O-O 11. Re1 Qc7 12. Qc2 Re8 13. Ne5 Ne7 14. Nd2 Ng6
15. Bxg6 hxg6 16. Ndf3 a6 17. Ng5 Rf8 18. Re3 Nh7 19. Nxh7 Kxh7 20. Rf3 Qe7 21.
h4 f5 22. Rg3 Rf6 23. f3 Bd7 24. Qd2 Rh8 25. Qg5 Be8 26. Kf2 Kg8 27. Rh1 Rh5
28. Qf4 Qd8 29. Rg5 Qb6 30. b4 a5 31. Qg3 Kh7 32. Nd3 Qd8 33. Nf4 Rh6 34. h5
Qb6 35. hxg6+ Kg8 36. Rxh6 gxh6 37. Qh4 Qc7 38. Qxh6 Qg7 39. Qxg7+ Kxg7 40.
Nh5+ Kh6 41. Nxf6 1-0

[Event "V Open A"]
[Site "Montebelluna ITA"]
[Date "2007.03.11"]
[Round "4"]
[White "De Nardi, Riccardo"]
[Black "Gallo, Enrico"]
[Result "1/2-1/2"]
[WhiteElo "1968"]
[BlackElo "2046"]
[PlyCount "37"]
[EventDate "2007.03.09"]

1. e4 c5 2. Nf3 e6 3. d4 cxd4 4. Nxd4 Nc6 5. Nc3 a6 6. Be2 Nf6 7. O-O Be7 8.
Be3 O-O 9. Nb3 b5 10. a3 d6 11. f4 Bb7 12. Bf3 Qc7 13. Qe1 Rfd8 14. Rd1 b4 15.
Na4 Nd7 16. axb4 Rab8 17. Na5 Nxa5 18. bxa5 Qxc2 19. Nc3 1/2-1/2

[Event "V Open A"]
[Site "Montebelluna ITA"]
[Date "2007.03.11"]
[Round "4"]
[White "Gagliardi, Christian"]
[Black "Zanatta, Federico"]
[Result "1/2-1/2"]
[WhiteElo "2112"]
[BlackElo "2006"]
[PlyCount "131"]
[EventDate "2007.03.09"]

1. Nf3 Nf6 2. g3 g6 3. Bg2 Bg7 4. O-O O-O 5. c4 c5 6. Nc3 d6 7. d3 Nc6 8. a3 a6
9. Rb1 Bd7 10. Bg5 h6 11. Bd2 Qc8 12. b4 b6 13. Na4 Rb8 14. bxc5 bxc5 15. Nb6
Qc7 16. Nxd7 Nxd7 17. Qc2 Rxb1 18. Rxb1 Rb8 19. Rxb8+ Qxb8 20. Bc1 Qb6 21. e3
Nde5 22. Nd2 Nd7 23. h3 Na5 24. Kf1 Kf8 25. Ke2 Ke8 26. f4 e6 27. g4 Ke7 28.
Bf3 Bf6 29. Bg2 Bg7 30. h4 Kf8 31. Bf3 Ke7 32. Kf2 Kf8 33. Qa4 Ke7 34. Bd1 Nb8
35. Qc2 Nd7 36. Nb1 Nc6 37. g5 h5 38. Nc3 Na5 39. Bd2 Nc6 40. Na4 Qb7 41. Bf3
Ndb8 42. d4 cxd4 43. c5 dxe3+ 44. Bxe3 d5 45. f5 Qc7 46. f6+ Bxf6 47. gxf6+
Kxf6 48. Bg5+ Kg7 49. Qb2+ Qe5 50. Qxe5+ Nxe5 51. Be7 Nxf3 52. Kxf3 f6 53. Bd6
Nc6 54. Nb6 Kf7 55. Na8 g5 56. hxg5 fxg5 57. Nc7 a5 58. a4 Nd4+ 59. Kf2 Kf6 60.
Nb5 Nc6 61. Bc7 Ke7 62. Ke3 Kd7 63. Bb6 Ne5 64. Kd4 Nc6+ 65. Ke3 Ne5 66. Kd4
1/2-1/2

[Event "V Open A"]
[Site "Montebelluna ITA"]
[Date "2007.03.11"]
[Round "4"]
[White "Garofalo, Sergio"]
[Black "Torelli, Mirco"]
[Result "0-1"]
[WhiteElo "1811"]
[BlackElo "2008"]
[PlyCount "70"]
[EventDate "2007.03.09"]

1. d4 Nf6 2. Nf3 c5 3. e3 e6 4. b3 d5 5. Bb2 Nc6 6. a3 Be7 7. Nbd2 O-O 8. Bd3
a6 9. O-O b5 10. c4 bxc4 11. bxc4 Rb8 12. Rb1 a5 13. Qe2 Ba6 14. dxc5 Bxc5 15.
Rfd1 d4 16. Ne4 Ba7 17. exd4 Ne7 18. Nxf6+ gxf6 19. d5 e5 20. Nxe5 fxe5 21. Qh5
Ng6 22. Bxe5 Rxb1 23. Rxb1 Re8 24. Bc3 Bc5 25. h4 Bxa3 26. g3 Qc7 27. Qh6 Bf8
28. Qg5 Bxc4 29. Bxc4 Qxc4 30. Qf6 Qxd5 31. Qa6 Bb4 32. Bf6 Qf5 33. Rd1 Qe6 34.
Qb5 Qe2 35. Qd5 Be1 0-1

[Event "V Open A"]
[Site "Montebelluna ITA"]
[Date "2007.03.11"]
[Round "4"]
[White "Giacomelli, Gianni"]
[Black "Ragonesi, Marcello"]
[Result "1-0"]
[WhiteElo "1936"]
[BlackElo "2161"]
[PlyCount "99"]
[EventDate "2007.03.09"]

1. d4 Nf6 2. Nf3 g6 3. c4 c5 4. g3 Bg7 5. Bg2 O-O 6. O-O cxd4 7. Nxd4 Nc6 8.
Nc3 Nxd4 9. Qxd4 d6 10. Qh4 Be6 11. Bxb7 Rb8 12. Bg2 Qa5 13. Rd1 Rfc8 14. Nd5
Bxd5 15. cxd5 Rc2 16. e4 Kf8 17. a3 Qa4 18. Be3 Rbxb2 19. Rdc1 h5 20. Bf3 Qa6
21. Rxc2 Rxc2 22. Rb1 Rc8 23. Kg2 Qxa3 24. g4 hxg4 25. Bxg4 Ra8 26. Rb7 Qa6 27.
Rc7 Qa5 28. Rb7 Qa6 29. Rc7 Qa5 30. Rb7 a6 31. Bf3 Qd8 32. e5 dxe5 33. Bc5 Nxd5
34. Kg1 Rc8 35. Qc4 e4 36. Bxe4 Nc7 37. Qb3 Bf6 38. Bb6 Qd2 39. Qf3 Ne6 40. Be3
Qe1+ 41. Kg2 Kg7 42. Bd5 Nd8 43. Qh3 Qa5 44. Qh6+ Kg8 45. Qxg6+ Bg7 46. Bb3 Rc6
47. Qe4 Rg6+ 48. Qxg6 Kf8 49. Qb6 Nxb7 50. Qxb7 1-0

[Event "V Open A"]
[Site "Montebelluna ITA"]
[Date "2007.03.11"]
[Round "4"]
[White "Omeri, Silvan"]
[Black "Vianello, Enrico"]
[Result "1/2-1/2"]
[WhiteElo "2087"]
[BlackElo "2150"]
[PlyCount "82"]
[EventDate "2007.03.09"]

1. e4 c5 2. Nf3 Nc6 3. Bb5 d6 4. Bxc6+ bxc6 5. e5 dxe5 6. Nc3 Bg4 7. h3 Bxf3 8.
Qxf3 Qc7 9. O-O e6 10. Re1 Nf6 11. d3 Be7 12. Qg3 O-O 13. Qxe5 Qxe5 14. Rxe5
Nd5 15. Na4 Rab8 16. Re2 Rb4 17. b3 Rxa4 18. bxa4 Bf6 19. c3 Nxc3 20. Rc2 Ne2+
21. Kf1 Bxa1 22. Kxe2 Bd4 23. Ba3 Rc8 24. Bxc5 Bxc5 25. Rxc5 Kf8 26. Ra5 Rc7
27. d4 Ke7 28. Kd3 Kd6 29. Kc4 Rd7 30. f3 f6 31. h4 Re7 32. Ra6 Rb7 33. a3 g6
34. g4 h6 35. f4 f5 36. gxf5 gxf5 37. h5 Rg7 38. Ra5 Rb7 39. Ra6 Rc7 40. Ra5
Rg7 41. Ra6 Rc7 1/2-1/2

[Event "V Open A"]
[Site "Montebelluna ITA"]
[Date "2007.03.11"]
[Round "4"]
[White "Pomaro, Alberto"]
[Black "Roberti, Ignazio"]
[Result "1-0"]
[WhiteElo "2054"]
[BlackElo "1933"]
[PlyCount "71"]
[EventDate "2007.03.09"]

1. d4 Nf6 2. c4 e6 3. Nf3 Bb4+ 4. Bd2 Qe7 5. g3 b6 6. Bg2 Bb7 7. O-O O-O 8. a3
Bxd2 9. Qxd2 c5 10. Nc3 d5 11. cxd5 Nxd5 12. Nxd5 Bxd5 13. dxc5 Qxc5 14. Rac1
Qe7 15. Qf4 Na6 16. e4 Bb7 17. b4 Rac8 18. e5 Nc7 19. Nd4 Bxg2 20. Kxg2 Nd5 21.
Qd2 Qb7 22. Kg1 a6 23. b5 Rc5 24. a4 Rfc8 25. Qb2 a5 26. Nc6 Rxc1 27. Rxc1 h6
28. Qa3 Rc7 29. Rc4 Qc8 30. Qd6 Qf8 31. Nxa5 Ra7 32. Qxf8+ Kxf8 33. Rc8+ Ke7
34. Nc6+ Kd7 35. Nxa7 Nc7 36. Rg8 1-0

[Event "V Open A"]
[Site "Montebelluna ITA"]
[Date "2007.03.11"]
[Round "4"]
[White "Rombaldoni, Axel"]
[Black "Baldelli, Alex"]
[Result "1/2-1/2"]
[WhiteElo "2218"]
[BlackElo "2049"]
[PlyCount "60"]
[EventDate "2007.03.09"]

1. e4 c5 2. Nf3 Nc6 3. d4 cxd4 4. Nxd4 Qb6 5. Nb3 Nf6 6. Nc3 e6 7. Be3 Qc7 8.
a3 d6 9. Be2 Be7 10. O-O O-O 11. f4 Rd8 12. Bf3 d5 13. exd5 exd5 14. Nb5 Qb8
15. N5d4 Bd6 16. g3 a6 17. Re1 Qc7 18. Kg2 Re8 19. Qd3 g6 20. f5 Ne5 21. Qd1
gxf5 22. Bf4 Ne4 23. Bh5 Ng6 24. Bxd6 Qxd6 25. Qf3 Qf6 26. Rad1 Be6 27. Rf1 Qg5
28. Kh1 Nf6 29. Bxg6 hxg6 30. Nc5 b6 1/2-1/2

[Event "V Open A"]
[Site "Montebelluna ITA"]
[Date "2007.03.11"]
[Round "4"]
[White "Rombaldoni, Denis"]
[Black "Luciani, Valerio"]
[Result "1-0"]
[WhiteElo "2349"]
[BlackElo "2241"]
[PlyCount "101"]
[EventDate "2007.03.09"]

1. d4 d5 2. c4 c6 3. Nf3 Nf6 4. Nc3 g6 5. Bg5 Bg7 6. e3 O-O 7. Qb3 e6 8. h4 Qb6
9. Nd2 Nbd7 10. cxd5 Qxb3 11. Nxb3 exd5 12. Na5 Re8 13. Be2 Re6 14. b4 Bf8 15.
a3 b6 16. Nb3 Bb7 17. O-O Bd6 18. b5 a6 19. bxc6 Bxc6 20. Rfc1 Kg7 21. g4 h6
22. Bxf6+ Nxf6 23. Kf1 Bb7 24. Na4 Bf8 25. g5 hxg5 26. hxg5 Ne8 27. Bg4 f5 28.
Bf3 Be7 29. Kg2 Rd8 30. Rab1 Ba8 31. Nd2 Bxa3 32. Rc3 Be7 33. Nxb6 Bb7 34. Na4
Ba8 35. Nb3 Bxg5 36. Nbc5 Re7 37. Nb6 Nf6 38. Nxa6 f4 39. Rc7 Kf8 40. Rxe7 Kxe7
41. exf4 Bxf4 42. Re1+ Kd6 43. Nc5 Ne4 44. Bxe4 dxe4 45. Nxa8 Rxa8 46. Rxe4 g5
47. Kf3 Kd5 48. Kg4 Rh8 49. Re1 Rh2 50. Ne4 Kxd4 51. Kf5 $139 1-0

[Event "V Open A"]
[Site "Montebelluna ITA"]
[Date "2007.03.11"]
[Round "4"]
[White "Sottroi, Carlo"]
[Black "Chierici, Marianna"]
[Result "0-1"]
[WhiteElo "2010"]
[BlackElo "1946"]
[PlyCount "86"]
[EventDate "2007.03.09"]

1. d4 d6 2. e4 Nf6 3. Nc3 Nbd7 4. Nf3 e5 5. Bc4 Be7 6. O-O O-O 7. h3 c6 8. a4
Qc7 9. Qe2 b6 10. Rd1 Bb7 11. d5 Rac8 12. Bg5 cxd5 13. Bxd5 Nxd5 14. Nxd5 Bxd5
15. Bxe7 Bc4 16. Qe3 Rfe8 17. Bxd6 Qc6 18. b3 Ba6 19. c4 Bb7 20. Bb4 Nf6 21.
Rd6 Qxe4 22. Qxe4 Bxe4 23. Rc1 Nh5 24. Ng5 Nf4 25. Nxe4 Ne2+ 26. Kf1 Nxc1 27.
Rd1 Nxb3 28. Rb1 Rxc4 29. Rxb3 Rxe4 30. a5 bxa5 31. Bxa5 g6 32. g3 Kg7 33. Kg2
Ra4 34. Bc3 Kf6 35. f4 h5 36. Rb5 Ra2+ 37. Kf1 a6 38. Rb6+ Re6 39. fxe5+ Kg5
40. Rb4 Rc6 41. h4+ Kf5 42. Rf4+ Ke6 43. Rf6+ Kd5 0-1

[Event "V Open A"]
[Site "Montebelluna ITA"]
[Date "2007.03.11"]
[Round "4"]
[White "Stella, Andrea"]
[Black "Bonafede, Alessandro"]
[Result "0-1"]
[WhiteElo "2084"]
[BlackElo "2230"]
[PlyCount "126"]
[EventDate "2007.03.09"]

1. Nf3 Nf6 2. b3 d6 3. Bb2 e5 4. c4 Bg4 5. Nc3 Nc6 6. Qc2 Be7 7. e3 Qd7 8. Be2
O-O 9. O-O Rfe8 10. d4 exd4 11. Nxd4 Nxd4 12. exd4 Bxe2 13. Nxe2 d5 14. Nf4 Bd6
15. Nxd5 Nxd5 16. cxd5 Qg4 17. Qc4 Re2 18. Bc1 Rae8 19. Qb5 Qh4 20. g3 Qxd4 21.
Rb1 Kf8 22. Qc4 Qxc4 23. bxc4 b6 24. Be3 Rxa2 25. Ra1 Rc2 26. Rfc1 Rxc1+ 27.
Rxc1 Rb8 28. c5 bxc5 29. Bxc5 Bxc5 30. Rxc5 Rb7 31. Rc6 Ke7 32. Ra6 Rb5 33.
Rxa7 Kd6 34. h4 Rxd5 35. Kg2 Kc6 36. Ra4 Kb5 37. Rg4 g6 38. Rf4 Rf5 39. Re4 c5
40. Kf1 Rf6 41. Re8 Re6 42. Rb8+ Kc6 43. Rc8+ Kb6 44. Rf8 Re7 45. Rb8+ Ka5 46.
Rb1 c4 47. Rc1 Kb4 48. Rb1+ Kc3 49. Rb8 Kc2 50. Rc8 c3 51. Rc6 Kd2 52. Rd6+ Kc1
53. Rc6 c2 54. Rc8 Rb7 55. Ke2 Kb2 56. Kd2 Rd7+ 57. Ke2 c1=Q 58. Rb8+ Ka3 59.
Ra8+ Kb4 60. Rb8+ Ka5 61. Ra8+ Kb6 62. Rb8+ Ka7 63. Re8 Qd1+ 0-1

[Event "V Open A"]
[Site "Montebelluna ITA"]
[Date "2007.03.11"]
[Round "4"]
[White "Weinberg, Emanuele"]
[Black "Pelosin, Matteo"]
[Result "0-1"]
[WhiteElo "1965"]
[BlackElo "1860"]
[PlyCount "114"]
[EventDate "2007.03.09"]

1. d4 e6 2. c4 Nf6 3. Nc3 Bb4 4. Qc2 d5 5. e3 Ne4 6. Bd3 Nxc3 7. bxc3 Be7 8.
Nf3 c5 9. Ne5 Nd7 10. f4 Nxe5 11. fxe5 dxc4 12. Bxc4 Bd7 13. Bd3 Bc6 14. O-O
Qd7 15. Rb1 h6 16. Be4 Bxe4 17. Qxe4 Rb8 18. c4 O-O 19. d5 exd5 20. cxd5 b5 21.
Bb2 c4 22. d6 Bd8 23. Bd4 Bb6 24. Rfc1 Rfe8 25. Qd5 Rec8 26. Qxb5 Qxb5 27. Rxb5
Bxd4 28. Rxb8 Bxe3+ 29. Kf1 Rxb8 30. Rxc4 Kf8 31. Ke2 Bb6 32. Kd3 Ke8 33. Ke4
Kd7 34. Kd5 Re8 35. Re4 Re6 36. Rg4 g6 37. Rf4 Ke8 38. Rc4 Kd7 39. Rf4 f6 40.
Rxf6 Rxf6 41. exf6 Ke8 42. Ke6 a5 43. g4 a4 44. f7+ Kf8 45. Kf6 g5 46. Ke6 Bg1
47. h3 Bb6 48. Kf6 a3 49. Ke6 Be3 50. Kf6 Bd4+ 51. Ke6 Bc3 52. d7 Ba5 53. Kf6
Bd8+ 54. Ke6 Be7 55. d8=Q+ Bxd8 56. Kd7 Bf6 57. Ke6 Be7 0-1

[Event "V Open A"]
[Site "Montebelluna ITA"]
[Date "2007.03.11"]
[Round "4"]
[White "Xia, Jie"]
[Black "Lavric, Mihail"]
[Result "1-0"]
[WhiteElo "2161"]
[BlackElo "2020"]
[PlyCount "87"]
[EventDate "2007.03.09"]

1. e4 c5 2. Nf3 Nc6 3. Bb5 g6 4. O-O Bg7 5. Re1 a6 6. Bf1 d6 7. h3 Nf6 8. c3
O-O 9. d4 cxd4 10. cxd4 Nd7 11. Be3 e6 12. Qd2 Qa5 13. Nc3 Ne7 14. Bg5 f6 15.
Bf4 e5 16. Bh6 Bxh6 17. Qxh6 b5 18. a4 bxa4 19. Bc4+ Kh8 20. Nd5 Ng8 21. Qe3
Rb8 22. b3 a3 23. b4 Qd8 24. Rxa3 Nb6 25. Nxb6 Qxb6 26. Rb1 Ne7 27. Qd3 f5 28.
Ng5 fxe4 29. Qxe4 Rf4 30. Qe2 Qxd4 31. Bxa6 Bf5 32. Bd3 e4 33. Bc2 h6 34. Nf7+
Kg7 35. Rd1 Qf6 36. Nxd6 Qe5 37. g3 Rxb4 38. gxf4 Qxf4 39. Qd2 Qxd2 40. Rxd2
Rb2 41. Nxf5+ gxf5 42. Rd7 Kf6 43. Ra6+ Kg5 44. Bxe4 1-0

[Event "V Open A"]
[Site "Montebelluna ITA"]
[Date "2007.03.11"]
[Round "5"]
[White "Baldelli, Alex"]
[Black "Gagliardi, Christian"]
[Result "1/2-1/2"]
[WhiteElo "2049"]
[BlackElo "2112"]
[PlyCount "55"]
[EventDate "2007.03.09"]

1. d4 g6 2. c4 Bg7 3. Nf3 d6 4. Nc3 Nf6 5. Bg5 O-O 6. Qc2 Nbd7 7. e3 c6 8. Be2
Qc7 9. O-O e5 10. Rad1 a6 11. dxe5 dxe5 12. Nd2 a5 13. a3 Nc5 14. b4 axb4 15.
axb4 Na6 16. Qb2 Be6 17. Nde4 Nxe4 18. Nxe4 f5 19. b5 fxe4 20. bxa6 bxa6 21.
Qa3 c5 22. Rd2 h6 23. Bh4 g5 24. Bg3 a5 25. Rfd1 Rfb8 26. Qc3 Rb6 27. Ra2 a4
28. Qc2 1/2-1/2

[Event "V Open A"]
[Site "Montebelluna ITA"]
[Date "2007.03.11"]
[Round "5"]
[White "Bonafede, Alessandro"]
[Black "Omeri, Silvan"]
[Result "1/2-1/2"]
[WhiteElo "2230"]
[BlackElo "2087"]
[PlyCount "59"]
[EventDate "2007.03.09"]

1. e4 c5 2. Nf3 d6 3. d4 cxd4 4. Nxd4 Nf6 5. Nc3 a6 6. Bg5 e6 7. f4 Be7 8. Qf3
Nc6 9. O-O-O Nxd4 10. Rxd4 Qb6 11. Rd1 Bd7 12. Bc4 Bc6 13. Rhe1 h6 14. Bh4 Nxe4
15. Bxe7 Nd2 16. Qe2 Nxc4 17. Qxc4 Kxe7 18. f5 Qc5 19. Qd3 e5 20. Re3 b5 21.
Rg3 Rhg8 22. Rg4 a5 23. a3 Rgd8 24. Qg3 b4 25. Rxg7 bxc3 26. Rxf7+ Kxf7 27.
Qg6+ Kf8 28. Qxh6+ Kf7 29. Qg6+ Kf8 30. Qf6+ 1/2-1/2

[Event "V Open A"]
[Site "Montebelluna ITA"]
[Date "2007.03.11"]
[Round "5"]
[White "Boullu, Thomas"]
[Black "Chiarion, Elisa"]
[Result "1/2-1/2"]
[WhiteElo "1958"]
[BlackElo "1712"]
[PlyCount "77"]
[EventDate "2007.03.09"]

1. e4 c5 2. Nc3 Nc6 3. g3 e6 4. Bg2 Nge7 5. d3 g6 6. Be3 d6 7. f4 Bg7 8. Nf3
O-O 9. O-O a6 10. Bf2 Qc7 11. d4 cxd4 12. Nxd4 Rd8 13. Nce2 b6 14. c3 Bb7 15.
Nxc6 Nxc6 16. Nd4 Ne7 17. a4 Rac8 18. Nb3 a5 19. Nd4 Ba6 20. Re1 d5 21. e5 Qd7
22. Bf1 Bxf1 23. Rxf1 Rc4 24. Nb5 Nc8 25. Bd4 Rc6 26. Rf2 Bf8 27. Rc1 Bc5 28.
Rfc2 Na7 29. Nd6 Nc8 30. Nb5 Na7 31. Na3 Rcc8 32. Rd2 Qe8 33. Qe2 Qxa4 34. Ra1
Qc6 35. g4 Qd7 36. Rf1 Qe7 37. Nc2 Nc6 38. Qf2 Rc7 39. Bxc5 1/2-1/2

[Event "V Open A"]
[Site "Montebelluna ITA"]
[Date "2007.03.11"]
[Round "5"]
[White "Castellano, Alfonso"]
[Black "Chiesa, Roberto"]
[Result "1/2-1/2"]
[WhiteElo "1949"]
[BlackElo "1656"]
[PlyCount "104"]
[EventDate "2007.03.09"]

1. c4 c6 2. b3 d5 3. Bb2 Nf6 4. Nf3 Bf5 5. Nh4 Bxb1 6. Rxb1 Nbd7 7. g3 e6 8.
Bg2 Be7 9. Nf3 O-O 10. O-O c5 11. e3 Bd6 12. Qe2 Qc7 13. d3 a5 14. Rfe1 a4 15.
e4 dxe4 16. dxe4 e5 17. Bc3 axb3 18. axb3 Nb8 19. Nh4 Nc6 20. Nf5 Nd4 21. Bxd4
cxd4 22. Qd2 Be7 23. b4 g6 24. Qg5 Kh8 25. Nxe7 Qxe7 26. c5 Nd5 27. Qxe7 Nxe7
28. b5 Rfc8 29. Rec1 Ra5 30. f4 f6 31. fxe5 fxe5 32. Bf1 Kg7 33. Rb2 Kf8 34.
Rf2+ Kg7 35. Rfc2 Ra3 36. Rd1 Kh8 37. Rdc1 Kg7 38. Bh3 Rd8 39. c6 bxc6 40. bxc6
Nc8 41. Rb2 Rc3 42. Rbc2 Rxc2 43. Rxc2 d3 44. Rd2 Nb6 45. c7 Rd4 46. c8=Q Nxc8
47. Bxc8 Rxe4 48. Rxd3 h5 49. h4 Kf6 50. Kf2 Rc4 51. Rf3+ Ke7 52. Ke3 Rxc8
1/2-1/2

[Event "V Open A"]
[Site "Montebelluna ITA"]
[Date "2007.03.11"]
[Round "5"]
[White "Chierici, Marianna"]
[Black "Gallo, Enrico"]
[Result "1/2-1/2"]
[WhiteElo "1946"]
[BlackElo "2046"]
[PlyCount "116"]
[EventDate "2007.03.09"]

1. e4 c5 2. c3 e6 3. d4 d5 4. exd5 Qxd5 5. Be3 cxd4 6. Qxd4 Nf6 7. Nf3 Nc6 8.
Qa4 Be7 9. Na3 O-O 10. Nb5 Qh5 11. Nc7 Rb8 12. Be2 Bd7 13. Rd1 Rbc8 14. Nb5 a6
15. Nd6 Na5 16. Nxc8 Bxa4 17. Nxe7+ Kh8 18. Rd4 Nc6 19. Ng5 Nxd4 20. Bxh5 Nc2+
21. Kd2 Nxh5 22. Bc5 Nf4 23. b3 f6 24. Nf3 Bb5 25. c4 b6 26. cxb5 bxc5 27. Kxc2
axb5 28. g3 Nh3 29. Rf1 Re8 30. Nc6 Ra8 31. Kb2 Kg8 32. b4 Ra6 33. Nd8 cxb4 34.
Nd4 e5 35. Nxb5 Rb6 36. Nc7 Rd6 37. Nde6 Rd2+ 38. Kb3 Nxf2 39. Na6 Nd3 40. Nxb4
Nxb4 41. Kxb4 Rxa2 42. h4 Kf7 43. Nc5 Kg6 44. Rf3 f5 45. Kc4 e4 46. Re3 Rd2 47.
Nb3 Rd1 48. Nd4 Kf6 49. Ra3 g6 50. Ra6+ Kg7 51. Rd6 Rc1+ 52. Kd5 Rc3 53. g4
fxg4 54. Kxe4 Rh3 55. Ne6+ Kh6 56. Kf4 g3 57. Ng5 Rxh4+ 58. Kxg3 Ra4 1/2-1/2

[Event "V Open A"]
[Site "Montebelluna ITA"]
[Date "2007.03.11"]
[Round "5"]
[White "De Filomeno, Simone"]
[Black "Stella, Andrea"]
[Result "0-1"]
[WhiteElo "1969"]
[BlackElo "2084"]
[PlyCount "52"]
[EventDate "2007.03.09"]

1. e4 e6 2. d4 d5 3. e5 c5 4. dxc5 Nc6 5. Nf3 Bxc5 6. Bd3 f6 7. exf6 Qxf6 8.
O-O Nge7 9. Nc3 h6 10. Re1 O-O 11. Qe2 e5 12. Na4 Bd6 13. Nd2 e4 14. Bxe4 dxe4
15. Nxe4 Qg6 16. Nxd6 Qxd6 17. Be3 b6 18. Rad1 Qg6 19. Bc1 Bg4 20. Qc4+ Kh8 21.
Rd3 Bf3 22. g3 Qf5 23. Qh4 Ng6 24. g4 Qxd3 25. Qh5 Qc4 26. h3 Nf4 0-1

[Event "V Open A"]
[Site "Montebelluna ITA"]
[Date "2007.03.11"]
[Round "5"]
[White "Dussin, Davide"]
[Black "Cocuzzi, Edoardo"]
[Result "1-0"]
[WhiteElo "2011"]
[BlackElo "1820"]
[PlyCount "113"]
[EventDate "2007.03.09"]

1. d4 d5 2. c4 e6 3. Nc3 Nf6 4. Bg5 c6 5. Nf3 Nbd7 6. e3 Bb4 7. Bd3 Qa5 8. Bxf6
Nxf6 9. Qc2 dxc4 10. Bxc4 Nd5 11. Rc1 Bd7 12. O-O Bxc3 13. bxc3 O-O 14. Bd3 g6
15. Ne5 Rfd8 16. h4 c5 17. h5 cxd4 18. exd4 Nf4 19. hxg6 hxg6 20. Bc4 Rab8 21.
g3 Ba4 22. Qb2 Nd5 23. Qd2 Kg7 24. Qg5 Be8 25. Ng4 f5 26. Qh6+ Kf7 27. Qh7+ Kf8
28. Bxd5 Qxd5 29. Qh8+ Ke7 30. Qf6+ Kd7 31. c4 Qd6 32. Qg7+ Kc8 33. Ne5 Qc7 34.
Qf6 Qh7 35. Qxe6+ Kc7 36. c5 Rxd4 37. Rfd1 Rxd1+ 38. Rxd1 Rd8 39. Rd6 Rxd6 40.
cxd6+ Kd8 41. Qf6+ Kc8 42. Qf8 Kd8 43. d7 Qe7 44. dxe8=Q+ Qxe8 45. Qxe8+ Kxe8
46. Nxg6 Kf7 47. Ne5+ Kf6 48. Nd3 a5 49. Kf1 b5 50. Ke2 Ke6 51. f3 Kd5 52. Kd2
Kc4 53. Kc2 a4 54. g4 fxg4 55. fxg4 b4 56. Nxb4 Kd4 57. Nd3 1-0

[Event "V Open A"]
[Site "Montebelluna ITA"]
[Date "2007.03.11"]
[Round "5"]
[White "Fontana, Enrico"]
[Black "Pomaro, Alberto"]
[Result "1/2-1/2"]
[WhiteElo "2122"]
[BlackElo "2054"]
[PlyCount "24"]
[EventDate "2007.03.09"]

1. d4 Nf6 2. Nc3 d5 3. Bg5 e6 4. e4 dxe4 5. Nxe4 Nbd7 6. Nf3 Be7 7. Nxf6+ Nxf6
8. Bd3 O-O 9. O-O b6 10. Bxf6 Bxf6 11. Be4 Rb8 12. Qe2 c5 1/2-1/2

[Event "V Open A"]
[Site "Montebelluna ITA"]
[Date "2007.03.11"]
[Round "5"]
[White "Genocchio, Daniele"]
[Black "Dvirnyy, Danyyil"]
[Result "1/2-1/2"]
[WhiteElo "2324"]
[BlackElo "2351"]
[PlyCount "35"]
[EventDate "2007.03.09"]

1. c4 e5 2. Nf3 Nc6 3. e4 Nf6 4. Bd3 Bc5 5. a3 a5 6. O-O O-O 7. Bc2 d6 8. h3
Ne7 9. d4 exd4 10. Nxd4 Ng6 11. Nc3 Re8 12. Be3 c6 13. Qd2 d5 14. cxd5 cxd5 15.
exd5 Nxd5 16. Nxd5 Qxd5 17. Bb3 Qh5 18. Rac1 1/2-1/2

[Event "V Open A"]
[Site "Montebelluna ITA"]
[Date "2007.03.11"]
[Round "5"]
[White "Giacomelli, Gianni"]
[Black "Xia, Jie"]
[Result "0-1"]
[WhiteElo "1936"]
[BlackElo "2161"]
[PlyCount "96"]
[EventDate "2007.03.09"]

1. d4 Nf6 2. Nf3 g6 3. c4 Bg7 4. Nc3 O-O 5. Bg5 d6 6. e3 c6 7. Be2 a6 8. O-O b5
9. a3 Be6 10. b3 bxc4 11. bxc4 Qa5 12. Qd2 Nbd7 13. Nd5 Qd8 14. Nc3 c5 15. Rad1
Qc7 16. d5 Bg4 17. h3 Bxf3 18. Bxf3 Rfb8 19. Rb1 Qa5 20. Qc1 Kf8 21. e4 Ne5 22.
Bxf6 Nxf3+ 23. gxf3 Bxf6 24. Ne2 Rxb1 25. Qxb1 Qxa3 26. Qb7 Re8 27. Kg2 a5 28.
Rb1 Qa2 29. Nf4 Bd4 30. Nd3 Qxc4 31. Rb3 Bc3 32. Nb2 Qd4 33. Qb5 Be1 34. Qe2
Bc3 35. Nd1 Bb4 36. Rd3 Qf6 37. Ne3 a4 38. Nc4 Qg5+ 39. Kh2 Qf4+ 40. Kg2 Ra8
41. Qb2 Kg8 42. Nb6 Ra6 43. Nc8 Qg5+ 44. Kh1 a3 45. Qa1 Qf6 46. Qa2 Qb2 47.
Nxe7+ Kg7 48. Qc4 a2 0-1